000 00615nam a22002177a 4500
003 UA-OsUOA
001 107148
007 ta
008 20140710b un ||||| |||| 00| 0 ukr d
090 _a821.161.2-1
_bЧ-75
942 _cBK
040 _aUA-OsUOA
_bukr
_cUA-OsUOA
_dUA-OsUOA
245 _aЧорне і біле
_bзбірка поезій
_cгол. ред. І. Пасічник
300 _a64 с.
955 _a3
041 _aukr
080 _a821.161.2-1
260 _aОстрог
_bНаУОА
_c2014
650 7 _a82 Література. Літературознавство
_2UDC
999 _c392862
_d392862